najdłuższe granice państw #1 - Statystyki

Ogólne statystyki
  • Ten quiz został rozwiązany 200 razy
  • Średni wynik to 11 z 15
Statystyki odpowiedzi
panstwo Państwo z najdłuższą granicą % Poprawnych
Francja Hiszpania
95%
Arabia Saudyjska Jemen
89%
Rumunia Bułgaria
88%
Mongolia chiny
85%
Słowacja węgry
85%
Brazylia Boliwia
83%
Rosja Kazachstan
82%
Armenia Azerbejdżan
79%
Albania Grecja
77%
Turkmenistan Uzbekistan
77%
Kambodża Wietnam
77%
Honduras nikaragua
62%
Południowa Afryka Botswana
60%
Nigeria Kamerun
53%
Kenia Uganda
48%
Nie znaleziono quizów pasujących do podanych kryteriów
Rozkład punktacji
Procent ludzi z każdym wynikiem
Percentyl według liczby udzielonych odpowiedzi
Twoja historia wyników
Nie rozwiązałeś tego quizu